00843nam a2200217Ia 450000500170000000800410001702000180005804000820007604100080015810000200016624500870018626000500027330000490032350400410037265000150041365000240042865000230045265000250047570000170050071001080051720211110133854.0130821s2012 ck ad frn dspa d a9789586957496 cJavier Garzón (modificó)dAldemar Mondragón (modificó)aCO-BoUCMbspa00aspa1 aUrrutia, Miguel14aLos actores en la crisis económica de fin de siglocMiguel Urrutia y Jorge Llano aBogotá (Colombia)bEdiciones Uniandesc2012 ax, 184 páginasbilustraciones y gráficas aIncluye referencias bibliográficas aEconomía 7aCiclos económicos 7aCrisis económica 7aPolítica monetaria1 aLlano, Jorge1 aUniversidad de los AndesbFacultad de EconomíabCentro de Estudios sobre Desarrollo Económico. CEDE